000
00228 a2200073 4500
245
0
_a
Tiristornye preobrazovateli vysokoj castoty /
_c
Berkovic E.I..
710
2
_a
Energija.
_e
Wydawca
_4
pbl
260
_a
Leningrad :
_b
Energija,
_c
1973.
300
_a
198 s.;
_c
25 cm.
999
_c
13063
_d
13063